[Event "Se vira nos 30"]
[Site "http://www.queenalice.com/game.php?id=61746"]
[Date "2006.4.6"]
[Round "-"]
[White "TigraoSC"]
[Black "manga"]
[Result "1-0"]
[WhiteElo "1408"]
[BlackElo "1236"]

1. e4 d5 2. exd5 Qxd5 3. Nc3 Qd4 4. Nf3 Qf6 5. d4 e6 6. Bg5 Qg6 7. Bd3 Qh5 8.
Ne4 f5 9. Nc5 h6 10. Bh4 g5 11. Bg3 f4 12. Ne5 g4 13. Bxf4 b6 14. Qxg4 Qxg4 15.
Nxg4 bxc5 16. dxc5 Bxc5 17. Be5 h5 18. Bxh8 hxg4 19. Be4 c6 20. O-O-O Bxf2 21.
Rd2 Be3 22. Re1 Bg5 23. Rd1 a5 24. Be5 Ne7 25. Bg3 1-0

[Event "Challenge"]
[Site "http://www.queenalice.com/game.php?id=67424"]
[Date "2006.5.7"]
[Round "-"]
[White "manga"]
[Black "Muggs"]
[Result "1-0"]
[WhiteElo "1301"]
[BlackElo "1144"]

1. e4 e5 2. Nf3 Nc6 3. d4 Bb4+ 4. c3 Ba5 5. b4 Bb6 6. b5 Qf6 7. bxc6 dxc6 8. Bg5
Qd6 9. Nxe5 Qe6 10. f4 Ba5 11. f5 Qd6 12. Qa4 Bxc3+ 13. Nxc3 f6 14. Nc4 Qxd4 15.
Bd2 Bd7 16. Be3 Qxc3+ 17. Kf2 Qxa1 18. Qb3 b6 19. g4 g6 20. Bg2 Qxh1 21. Bxh1 h5
22. g5 gxf5 23. Qc3 O-O-O 24. exf5 fxg5 25. Qxh8 Bxf5 26. Bxg5 Ne7 27. Qe5 1-0

[Event "AUTO-OPEN-264"]
[Site "http://www.queenalice.com/game.php?id=67594"]
[Date "2006.5.7"]
[Round "1"]
[White "manga"]
[Black "camaradecastro"]
[Result "1-0"]
[WhiteElo "1313"]
[BlackElo "1190"]

1. e4 e5 2. Nf3 Nc6 3. c4 Nf6 4. d3 d6 5. Nc3 a6 6. a4 Be7 7. g4 Nxg4 8. h3 Nf6
9. d4 exd4 10. Nd5 Nxe4 11. Nxe7 Qxe7 12. Nxd4 Qh4 13. Be3 a5 14. Nf3 Qf6 15.
Bd3 Bf5 16. Qb3 b6 17. Qb5 Bg6 18. Qxc6+ Ke7 19. Bxe4 Rac8 20. Bg5 Rhd8 21.
Bxf6+ gxf6 22. Nd4 Re8 23. Nf5+ Bxf5 24. Bxf5 Rg8 25. Qd7+ Kf8 26. Qxc8+ Kg7 27.
Rg1+ Kh6 28. Qxg8 1-0

[Event "Challenge"]
[Site "http://www.queenalice.com/game.php?id=255280"]
[Date "2007.8.14"]
[Round "-"]
[White "Alberlandes"]
[Black "manga"]
[Result "1-0"]
[WhiteElo "1695"]
[BlackElo "1320"]

1. d4 e6 2. c4 Bb4+ 3. Nc3 Bxc3+ 4. bxc3 a5 5. e4 Ra6 6. c5 a4 7. Bxa6 bxa6 8.
Qxa4 Qh4 9. Qc2 Bb7 10. Rb1 Bxe4 11. Rxb8+ Ke7 12. Qd2 f6 13. g3 Qh5 14. f3 Bd5
15. Qf4 e5 16. dxe5 Qxe5+ 17. Ne2 Qxf4 18. Bxf4 1-0

[Event "AUTO-INT-575"]
[Site "http://www.queenalice.com/game.php?id=255676"]
[Date "2007.8.14"]
[Round "1"]
[White "terry52"]
[Black "manga"]
[Result "1-0"]
[WhiteElo "2123"]
[BlackElo "1297"]

1. c4 c5 2. Nc3 e5 3. Nf3 f6 4. g3 b6 5. Bg2 Bb7 6. e4 g5 7. Nxg5 fxg5 8. Qh5+
Ke7 9. Qxg5+ Nf6 10. Qxe5+ Kf7 11. Nb5 Nc6 12. Nd6+ Bxd6 13. Qxd6 1-0

[Event "AUTO-INT-575"]
[Site "http://www.queenalice.com/game.php?id=255677"]
[Date "2007.8.14"]
[Round "1"]
[White "manga"]
[Black "terry52"]
[Result "0-1"]
[WhiteElo "1299"]
[BlackElo "2122"]

1. c4 e5 2. e4 Nf6 3. f3 Nxe4 4. fxe4 Qh4+ 5. Ke2 Qxe4+ 6. Kf2 Bc5+ 7. d4 Bxd4+
8. Kg3 d5 9. cxd5 f5 10. Qf3 f4+ 11. Kh4 g5+ 12. Kxg5 Qg6+ 13. Kh4 Qf6+ 0-1

[Event "AUTO-INT-575"]
[Site "http://www.queenalice.com/game.php?id=255690"]
[Date "2007.8.14"]
[Round "1"]
[White "Dean20"]
[Black "manga"]
[Result "1-0"]
[WhiteElo "1647"]
[BlackElo "1319"]

1. e4 Nf6 2. e5 Ne4 3. d4 d5 4. f3 Ng5 5. Bxg5 f6 6. Bf4 g5 7. Be3 h5 8. Nc3 e6
9. a3 g4 10. Bd3 Rh6 11. Bxh6 1-0

[Event "AUTO-INT-575"]
[Site "http://www.queenalice.com/game.php?id=255691"]
[Date "2007.8.14"]
[Round "1"]
[White "manga"]
[Black "Dean20"]
[Result "0-1"]
[WhiteElo "1325"]
[BlackElo "1601"]

1. c4 e5 2. Nf3 Nc6 3. Qc2 Nf6 4. Qa4 e4 5. Ng5 h6 6. Qb5 hxg5 7. Qxg5 Be7 8.
Qxg7 Rh7 9. Qg5 d5 10. b3 Be6 0-1